LIBRARY & INFORMATION CENTRE, KCAET, TAVANUR

ONLINE PUBLIC ACCESS CATALOGUE (OPAC)

Linear programming: An introductory analysis / (Record no. 1966)

MARC details
000 -LEADER
fixed length control field 00514cam a2200193ua 4500
041 ## - LANGUAGE CODE
Language code of text/sound track or separate title eng
082 ## - DEWEY DECIMAL CLASSIFICATION NUMBER
Classification number 519.72
Item number LOO/LI
100 ## - MAIN ENTRY--AUTHOR NAME
Personal name Loomba, Paul N .
245 ## - TITLE STATEMENT
Title Linear programming: An introductory analysis /
250 ## - EDITION STATEMENT
Edition statement 1 /
260 ## - PUBLICATION, DISTRIBUTION, ETC. (IMPRINT)
Place of publication New Delhi :
Name of publisher Tata Mc-Graw Hill Publishing Company ,
Year of publication 1989.
300 ## - PHYSICAL DESCRIPTION
Number of Pages 284 ; .
942 ## - ADDED ENTRY ELEMENTS (KOHA)
Koha item type Books
Holdings
Withdrawn status Lost status Damaged status Home library Current library Date acquired Full call number Accession Number Koha item type
      KAUAET KAUAET 07/04/2012 519.72 LOO/LI 16952 Books
      KAUAET KAUAET 22/08/1986 519.72 LOO/LI 15487 Books
free website counter